00918nam a22002417a 45000010005000000030006000050050017000110080041000280200018000690400029000870500015001160820011001311000023001422450053001652500052002182600036002703000044003065050008003505200259003585210020006175210020006376500019006575425FISKH20241204161002.0241204b cb ||||| |||| 00| 0 eng d a9780439368308 aFISKHbengcFISKHdFISKH aPZ7.P52112 a813.54 aPhilbrick, Rodman  aThe Young Man And The Sea /cby Rodman Philbrick aFirst Scholastic paperback printing, March 2005 aNew York :bScholastic ;c2004. a192 pages : billustrations; c20 cm .  aS  aAfter his mother's death, twelve-year-old Skiff Beaman decides that it is up to him to earn money to take care of himself and his father, so he undertakes a dangerous trip alone out on the ocean off the coast of Maine to try to catch a huge bluefin tuna.8 a800 bLexile 8 aS bRaz-Plus  aoceanvFiction